03779nab a22006617 4500003000900000022001400009040001800023041000800041044000700049245004600056260002500102300004300127505001100170505003800181505010200219505003500321505015800356505002500514505007400539505004600613505003100659505006300690505003300753505008800786505003400874505009900908505003901007505007901046505003501125505007901160505004301239505010601282505003501388505010201423505001301525505003601538505009601574505004201670505008901712505003301801505008601834505003101920505009901951505009102050505005802141505005402199505009702253505012302350505009902473505005202572505005302624505006002677505006702737505011202804505009402916650003303010773007403043AR-RoUNA a0327-9022 aAR-RoUNAbspa aspa aag aSumma+ / bHoteles - Comercios - Oficinas aBuenos Aires ,c1993 a128 p. :bil. byn.bplanosc34 X25 cm.0 tINDICE0 tArgentina - EXPERIENCIA SENSORIAL0 aA4 Estudio - Leonardo Codina y Juan Manuel Filice / Complejo Turístico entre cielos, CABA. p. 40 tPortugal - LEGO A ESCALA REAL 0 aVHM, Gestäo e Coordenada de proyectos - Jorge Sobré Albuquerque, Ana Luísa Almeida, José Magno / Hotel Axis Viana, Viana do Castelo, 2008. p. 140 tARQUITECTURA FÓSIL0 aPedra Líquida / Hotel Residencia Casa Do Conto, Oporto, 2011. p. 220 tCOMERCIOS - Restaurantes Contemporáneos0 tBrasil - CUADRADO MÁGICO0 aRizoma / Restaurante Diticica, Brumadinho, MG, 2010. p. 320 tPortugal - MODELO PARA ARMAR0 aFrancisco Viera de Campos y Cristina Guedes / AR de Rio, Nova de Gaia, 2008. p. 40 0 tFrancia - UN VELO DE MISTERIO0 aOdile Decq - Bendít Cornett / Phantom - Restaurante de Ópera Garnier, París, 2011. p. 460 tMéxico - PRECISIÓN Y EXACTITUD0 aRojkind arq.+ Escrawe Studio / Restaurante Tori Tori, Polanco, 2011. p. 520 tChile - CASUALIDADES INDUCIDAS0 aSmilian Radic Clarke / Restaurante Mestizo, Santiago de Chile, 2007. p. 600 tMéxico - EL ARTE DE LA RESTRICCIÓN0 aEmmanuel Picault & Ludwing Godefroy / Jules - Speakeasy Cocktail Bar, Ciudad de México, 2012. p. 680 tArgentina - CONTRASTES POLARES0 aVanguardia architecs / Heladería Arnaldo - Sucursal Olivos - 2011, Vicente López, 2011. p. 700 tOFICINAS0 tEspaña - AGUDOS Y ESTILIZADOS0 aEMBA - Estudi Massip - Bosch / Torre Telefónica Diagonal Zerozero, Barcelona, 2011. p. 740 tArgentina - DIIFERENCIA Y CONTINUIDAD0 aFaure, Malamud, Riveira / Edificio Grupo Asegurador La Segunda, Rosario, 2010. p. 820 tBrasil - LA MIRADA INVISIBLE0 aStudio MK27 - Marcio Kogan + Suzana Glogowski / Studio SC, San Pablo, 2011. p. 900 tTRANSFORMADORES ESPACIALES0 aCarlos A. Piccini y Franco Piccini / Sindicato de choferes de camiones, Pergamino, 2011. p. 980 aMax Zolkwer / Eloisa Iturbe Studio - Oficinas para Motion Graphics, CABA, 2011. p. 1000 aBrijuni / Estudio en Malasaña, Madrid, 2011. p. 1020 aBuenos Aires Planning / Vostu, CABA, 2011. p. 1040 aMila Strauss + Marcos Paulo Caldeira / We Agencia de Comunicación, San Pablo, 2010. p. 1060 aFredy Massad y Alicia Guerrero Yeste / El arquitecto ha de replantear la sociedad: entrevista a López-Rivera. p. 1080 aRodrigo Kommers Wender / Espacio-Tiempo-Movimiento: registros de la Touch & Go Reality. p. 1160 aIgnacio Ros de Olano / Chicago en papel. p. 1170 aRuth Verde Zein / Cazafantasmas reloaded. p. 1180 aRafael E.J. Iglesia / Genealogía de una marca. p. 1200 aRoberto Fernández / Griffin, misionero de modernidad. p. 1220 aRita Molinos, Mario Sabugo y Maximiliano Salomón / El Manantial (I): ¿Quieres ser Howard Roarrk?. p. 1260 aJosep María Montaner / Coleccionismo contemporáneo: a propósito del soumaya. p. 128 aArquitectura contemporánea0 aSumma+dBuenos Aires, ArgentinagNº123 (jul-2012), p. 128x0327-9022